000 00852nmm a2200265 a 4500
001 ocm0001520652
003 TR-IsHL
005 20201028163234.0
008 170206s2015 tu tur
007 cr cn
020 _a9786055021276
035 _a1520652
_b(N$T)
050 0 4 _aPL248.Ç35
_bK5 2015
090 0 4 _aPL248.Ç35
_bK5 2015
100 1 _aÇakır, Süleyman
245 1 0 _aKaleden özgürlüğe sesleniş
_h[electronic resource] /
_cSüleyman Çakır
260 _aİstanbul :
_bArı Sanat Yayınları,
_c2015
300 _a153 p.
650 4 _aDil ve Edebiyat
650 4 _aLanguage and Literature
650 0 _aTürk romanı
650 0 _aTurkish fiction
650 7 _aLITERARY COLLECTIONS / Middle Eastern
_2bisacsh
856 4 0 _uhttp://search.ebscohost.com/login.aspx?direct=true&scope=site&db=e011xww&AN=1520652
999 _c15230
_d15230